3-D Miscellany Quiz Stats

 Plays Quiz Updated Jun 6, 2019

Score 0/30 Timer 04:00
3 Plays Today
% Correct
Dodgeball
96.8%
Disco
95%
Decimal
93.7%
Diving
92%
Differential
91.1%
Discus
89.7%
David
89%
Dodge
88.2%
Dubstep
87.8%
Damascus
85.8%
Distribution
83.9%
Date
83.5%
Daenerys
82.8%
Datsun
82.3%
Dakar
81.2%
% Correct
Deborah
77.8%
Diglett
75.8%
Dixieland
74.8%
Dragonstone
74.4%
Dothraki
74%
Daihatsu
71.9%
Diplomacy
69.9%
Dewgong
68.6%
Dinah
67.9%
Downfall
67.5%
Durian
66.9%
Dratini
53.4%
Dili
46.1%
Dixit
43.1%
Damson
38.7%

You're not logged in!

Compare scores with friends on all Sporcle quizzes.
OR
Log In

Sporcle TV

Today on Sporcle TV


Watch our educational content, quiz creation guides, and fun videos on Sporcle TV.

Show Comments

Extras

Top Quizzes Today


Score Distribution

Your Account Isn't Verified!

In order to create a playlist on Sporcle, you need to verify the email address you used during registration. Go to your Sporcle Settings to finish the process.

Report this User

Report this user for behavior that violates our Community Guidelines.

Details: